00842nam a2200253 ar4500001000500000005001700005006001900022008004100041100002400082245008100106246006000187260001300247300004600260500003200306504003100338526002100369563001600390650003000406650003600436650003400472650003500506650002400541700002300565444920221127090946.0a a 000 0 160202 su a | 000 0|eng d1 aAl Hassan, Meshael.10aNFC based hotel management system /cby Meshael Al Hassan, Abdullah Al Kadi.10aNear Field Communication based hotel management system. c[2016?]. a[6], 74 leaves :billustrations ;c30 cm. aSupervisor: Dr. Adeel Baig. aIncludes bibl. references. aStudent project. aHard bound. 4aNear field communication. 4aWireless communication systems. 4aMobile communication systems. 4aHotelsxCommunication systems. 4aHotelsxManagement.0 aAl Kadi, Abdullah.